00446nam a2200157Ia 450000500170000000800410001708200130005810000120007124500080008326000410009130000130013265000230014594200060016895200990017499900150027320250322140156.0240331s9999 xx 000 0 und d bMAAa894 aMaalan, 0aM.S aChennaibPooncholai Pathipagamc1995 a128 p ., aTamil Social Novel cL 001040708LaWERCLbWERCLcSSCd2024-03-31l0o 894.811 MAAp4522r2024-03-31w2024-03-31yL c3744d3744